| 000 | 01119nam a2200301Ia 4500 | ||
|---|---|---|---|
| 003 | OSt | ||
| 005 | 20211117110428.0 | ||
| 008 | 130821s1998 ck fr spa | ||
| 020 | _a958616280X | ||
| 040 |
_aCO-BoUCM _cCO-JMCR |
||
| 041 | 0 | _aspa | |
| 082 | 0 | 4 |
_a336.01 / _bR436h3 _223 |
| 100 | 1 |
_aRestrepo Salazar, Juan Camilo _934541 _eautor |
|
| 245 | 1 | 0 |
_aHacienda pública / _cJuan Camilo Restrepo |
| 250 | _a4ta. edición | ||
| 260 |
_aBogotá : _bUniversidad Externado de Colombia, _c1998 |
||
| 300 |
_a379 páginas ; _c25 cm. |
||
| 504 | _aBibliografía: paginas 371-379 | ||
| 505 | 0 | _aLos propósitos de la hacienda pública -- El gasto público -- Ingresos fiscales -- Principales impuestos del gobierno central -- Presupuesto -- La deuda pública -- Finanzas territoriales | |
| 650 | 1 | 4 |
_aDeuda pública _zColombia _934545 |
| 650 | 1 | 4 |
_aFinanzas _zColombia _936653 |
| 650 | 1 | 4 |
_aHacienda pública _zColombia _916682 |
| 650 | 1 | 4 |
_aImpuestos _zColombia _917253 |
| 650 | 1 | 4 |
_aPolítica fiscal _zColombia _927925 |
| 650 | 1 | 4 |
_aPresupuesto _zColombia _922261 |
| 690 |
_aFinanzas _97628 |
||
| 942 |
_cBK _2ddc |
||
| 999 |
_c6754 _d6754 |
||